| 000 | 00836nam a2200241 i 4500 | ||
|---|---|---|---|
| 001 | 95747 | ||
| 003 | ES-MaACL | ||
| 005 | 20250902081416.0 | ||
| 007 | t| | ||
| 008 | 050603s1969 sp |||| | spa d | ||
| 080 | _a34:331(460) | ||
| 080 | _a331.823.2(460) | ||
| 080 | _a347.515.2(460) | ||
| 100 | 1 |
_aLluís y Navas, Jaime. _972976 |
|
| 245 | 1 | 3 |
_aLa responsabilidad laboral penal y civil por faltas de adopción de medidas de prevención de accidentes de trabajo / _cJaime Lluís y Navas. |
| 260 |
_aBarcelona : _bBosch, _c1969. |
||
| 300 |
_a397 p. ; _c24 cm. |
||
| 650 | 4 |
_aDelitos contra los derechos de los trabajadores- _zEspaña. _9154800 |
|
| 650 | 7 |
_aResponsabilidad empresarial- _zEspaña _2embne _9154801 |
|
| 650 | 4 |
_aSeguridad industrial- _zEspaña. _917018 |
|
| 852 |
_aES-MaACL _jC-37903 |
||
| 999 |
_c95747 _d95747 |
||